banner-ar

من اسرار الساسة و السياسة : (Record no. 60144)

MARC details
000 -الفاتح
حقل البيانات ثابتة الطول 00857nam a22002417a 4500
005 - وقت وتاريخ اخر تعامل مع التسجيلة
رقم الضبط 20240530110355.0
008 - عناصر البيانات ثابتة الطول - معلومات عامة
حقل البيانات ثابتة الطول 150105b2008 ua f 000 0bara d
017 ## - رقم الايداع القانونى
رقم الايداع القانونى 2008/3437
المصدر ( الهيئة المختصة) مصر . دار الكتب المصرية
020 ## - الرقم الدولى المعيارى للكتب
الرقم الدولى المعيارى للكتاب 9789770923205
040 ## - مصدر الفهرسة
وكالة الفهرسة الأصلية EG-CaGPL
041 0# - رمز اللغة
رمز لغة النص/ المسارات الصوتية أو العنوان الانفرادي ara
082 04 - رقم تصنيف ديوى العشرى
رقم الطبعة 21
رقم التصنيف 923.2
رقم المادة ق/م م
100 0# - المدخل الرئيسى - إسم شخصى
الإسم الشخصى محمد التابعى
245 1# - بيان العنوان
العنوان من اسرار الساسة و السياسة :
بقية العنوان احمد حسنين باشا حياته الخاصة و العامة /
بيان المسئوليه,etc محمد التابعى
250 ## - بيان الطبعة
بيان الطبعة ط 1
260 ## - PUBLICATION, DISTRIBUTION, ETC. (IMPRINT)
تاريخ النشر أو التوزيع 2008
300 ## - الوصف المادى
التعداد 338 ص ؛
أبعاد الوعاء 24 سم
600 0# - المدخل الاضافى بالموضوع-اسم شخصى
الإسم الشخصى احمد محمد حسنين
650 04 - المدخل الاضافى بالموضوع-مصطلح موضوعى
مصطلح موضوعي التراجم السياسية
700 0# - المدخل الاضافى - اسم شخصى
الإسم الشخصى محمد حسنين هيكل
942 ## - عناصر المدخل الإضافي( كوها)
مصدر التصنيف او مخطط الترفيف Dewey Decimal Classification
Koha [default] item type كتاب
260 ## - PUBLICATION, DISTRIBUTION, ETC. (IMPRINT)
-- القاهرة :
-- دار الشروق ،
Holdings
حالة التراجع حالة الفقد حالة تلف ليس للاعارة المكان المؤقت الموقع الحالى تاريخ الاكتساب اجمالي اﻻعارات رقم الطلب الباركود تاريخ اخر مشاهدة تاريخ تفعيل السعر نوع وعاء كوها
        مكتبة القاهرة الكبرى مكتبة القاهرة الكبرى 01/05/2015   923.2 ق/م م 159138 01/05/2015 01/05/2015 كتاب

Powered By

EGPV